00992nam a22002657a 4500001001000000003000500010005001700015008004100032010001000073011001000083035001100093040000900104100003800113245017800151260004100329300003200370502007700402530003600479650004000515650002000555650004000575650002400615650002300639856006400662000101756CHAP20220329143534.0100423s2010 mx r 00010 spa d a98219 a99191 a109876 cCHAP1 aMartínez Hernández, Gregorio.10aCaracterización morfológica de mango (Mangifera indica L.) del banco de germoplasma del Campo Experimental Rosario Izapa, INIFAP /c/por Gregorio Hernández Martínez. aChapingo, Méx. :bEl autor,c2010. av, 70 h. :bilus., cuadros. aTesis (Ing. Agr. Esp. en Fitotecnia) -- UACH. Departamento de Fitotecnia aTambién disponible en línea14aColecciones de material genético.14aMangoxChiapas.14aMangoxFisiología y morfología.14aMangoxGermoplasma.14aMangoxVariedades. 3Finding aiduhttp://10.13.5.2/tesis/109876.pdfzTeclea aqui